Statistics for the behavioral sciences / (Record no. 5956)
[ view plain ]
| 000 -LEADER | |
|---|---|
| fixed length control field | 01724cam a22001814a 4500 |
| 020 ## - INTERNATIONAL STANDARD BOOK NUMBER | |
| ISBN | 9780716750079 (hbk.) |
| 020 ## - INTERNATIONAL STANDARD BOOK NUMBER | |
| ISBN | 0716750074 (hbk.) |
| 050 00 - CALL NUMBER | |
| Classification number | HA29 |
| Item number | .N65 |
| 100 1# - AUTHOR | |
| Personal name | Nolan, Susan A. |
| 245 10 - TITLE | |
| Title | Statistics for the behavioral sciences / |
| Statement of responsibility, etc | Susan A. Nolan and Thomas E. Heinzen. |
| 260 ## - PUBLICATION INFORMATION | |
| Place of publication | New York : |
| Name of publisher | Worth Publishing, |
| Year of publication | c2008. |
| 300 ## - DESCRIPTION | |
| Number of Pages | xiv, 1 v. (various pagings) ; |
| Other physical details | ill., charts ; |
| Dimensions | 26 cm. |
| 500 ## - NOTES | |
| General note | Includes index |
| 505 ## - FORMATTED CONTENTS NOTE | |
| Table of Content | An Introduction to Statistics and Research Design: The Basic Elements of Statistical Reasoning Descriptive Statistics: Organizing, Summarizing, and Graphing Individual Variables Visual Displays of Data: Graphs That Tell a Story Probabilities and Research: The Risks and Rewards of Scientific Sampling Correlation: Quantifying the Relation Between Two Variables Regression: Tools for Predicting Behavior Inferential Statistics: The Surprising Story of the Normal Curve Hypothesis Testing with z Tests: Making Meaningful Comparisons Hypothesis Testing with t Tests: Comparing Two Groups Hypothesis Testing with One-Way ANOVA: Comparing Three or More Groups Two-Way ANOVA: Understanding Interactions Beyond Hypothesis Testing: Confidence Intervals, Effect Size, and Power Chi Square: Expectations Versus Observations Beyond Chi Square: Nonparametric Tests with Ordinal Data Choosing a Statistical Test and Reporting the Results: The Process of Statistics Appendix A: Reference for Basic Mathematics Appendix B: Statistical Tables Appendix C: Answers to Odd-Numbered End-of-Chapter Problems Appendix D: Answers to Check-Your-Learning Problems Glossary References Index |
| 650 #0 - SUBJECTS | |
| Topical Term | Social sciences |
| General subdivision | Statistical methods. |
| 700 1# - OTHER AUTHORS | |
| Personal name | Heinzen, Thomas E. |
| 942 ## - ADDED ENTRY ELEMENTS (KOHA) | |
| Koha item type | Books |
| Withdrawn status | Lost status | Collection code | Home library | Current library | Shelving location | Date acquired | Full call number | Accession Number | Koha item type |
|---|---|---|---|---|---|---|---|---|---|
| Reference | Methodist University Library Main | Methodist University Library Main | General Stacks | 22/05/2014 | HA29 .N65 | 39518 | Books |